000 00675nam a2200277Ia 4500
005 20260324112630.0
008 008 260324s9999 xx 000 0 eng d
020 _a9781032642352
037 _aEBOOK
040 _aCRL
040 _beng
040 _cCRL
041 _2eng
041 _aeng
084 _qCRL
100 _aMarcin Soniewicki
_91143510
245 0 _aMarket and Technical Knowledge Integration in R&D Intensive Companies
260 _bTaylor and Francis
260 _c2024
365 _a
365 _b240
856 _uhttp://www.taylorfrancis.com/books/9781032642352
942 _cEBOOK
999 _c1732787
_d1732787